जूझते हुए / (Record no. 116616)

MARC details
000 -LEADER
fixed length control field 01240nam a22002897a 4500
003 - CONTROL NUMBER IDENTIFIER
control field 0
005 - DATE AND TIME OF LATEST TRANSACTION
control field 20180825115801.0
008 - FIXED-LENGTH DATA ELEMENTS--GENERAL INFORMATION
fixed length control field 0
010 ## - LIBRARY OF CONGRESS CONTROL NUMBER
LC control number B-015012
020 ## - INTERNATIONAL STANDARD BOOK NUMBER
Terms of availability 160.00
International Standard Book Number 8187416157
035 ## - SYSTEM CONTROL NUMBER
System control number B-015012 ,B-015020
037 ## - SOURCE OF ACQUISITION
Source of stock number/acquisition Cen Lib/Ret
040 ## - CATALOGING SOURCE
Original cataloging agency DPL
Language of cataloging HN
Transcribing agency 0
082 ## - DEWEY DECIMAL CLASSIFICATION NUMBER
Classification number
Item number जूझते
245 ## - TITLE STATEMENT
Title जूझते हुए /
Statement of responsibility, etc संपादन दिनेशनन्दिनी डालमिया [एवं] रश्मि मलहोत्रा
246 ## - VARYING FORM OF TITLE
Title proper/short title Jhoojhate huye /
Remainder of title sampadan Dineshnandini Dalmiya [evam] Rashmi Malhotra
260 ## - PUBLICATION, DISTRIBUTION, ETC. (IMPRINT)
Place of publication, distribution, etc दिल्ली
Name of publisher, distributor, etc अलोक प्रकाशन
Date of publication, distribution, etc 1997
270 ## - ADDRESS
City दिल्ली
Address 1/6588, पूर्वी रोहतास नगर शाहदरा
Postal code 110032
300 ## - PHYSICAL DESCRIPTION
Extent 152पृ.
Dimensions 19सेमी (सजिल्द)
650 ## - SUBJECT ADDED ENTRY--TOPICAL TERM
Topical term or geographic name as entry element हिंदी साहित्य
9 (RLIN) 67418
650 ## - SUBJECT ADDED ENTRY--TOPICAL TERM
Topical term or geographic name as entry element हिंदी कहानियां
9 (RLIN) 2082
650 ## - SUBJECT ADDED ENTRY--TOPICAL TERM
Topical term or geographic name as entry element Hindi literature
9 (RLIN) 67419
650 ## - SUBJECT ADDED ENTRY--TOPICAL TERM
Topical term or geographic name as entry element Hindi stories
9 (RLIN) 67420
700 ## - ADDED ENTRY--PERSONAL NAME
Personal name डालमिया, दिनेशनन्दिन
9 (RLIN) 42819
700 ## - ADDED ENTRY--PERSONAL NAME
Personal name मलहोत्रा, रश्मि
9 (RLIN) 67421
942 ## - ADDED ENTRY ELEMENTS (KOHA)
Source of classification or shelving scheme Dewey Decimal Classification
Koha item type Hindi Books
Classification part
Call number suffix जूझते
Holdings
Withdrawn status Lost status Damaged status Not for loan Home library Current library Date acquired Source of acquisition Cost, normal purchase price Total Checkouts Full call number Barcode Date last seen Copy number Cost, replacement price Price effective from Koha item type Public note
Written off       Central Library Central Library 25/08/2015 Cen Lib/Ref 160.00   क जूझते B-015012 25/08/2015 1 160.00 25/08/2015 Hindi Books Written off on approval by DLB (By Circulation); dtd 20.12.2022

© Delhi Public Library
Hit Counter
free hit counter